|
|
|
|
| LEADER |
00000cam a2200000 a 4500 |
| 001 |
vtls001411429 |
| 003 |
SK-MaSNL |
| 005 |
20260301012442.0 |
| 008 |
220720s2000 xo a fr 10000 slo |
| 015 |
|
|
|a SNBA2002/01-00077
|
| 020 |
|
|
|a 8071212032
|
| 035 |
|
|
|a SNK000366136
|
| 035 |
|
|
|a urn:nbn:sk:snk-amjrf5
|
| 035 |
|
|
|a urn:nbn:sk:snk:ar-008xt8
|
| 035 |
|
|
|a 9dadb0bc-b9fa-46a5-9cd3-a1fd4c57b31a
|
| 040 |
|
|
|a SNK
|b slo
|c SNK
|e AACR2
|
| 041 |
0 |
|
|a slo
|
| 044 |
|
|
|a xo
|c SK
|
| 080 |
|
|
|a 159.922:178/179:343.97(082)
|2 1981
|
| 080 |
|
|
|a 178/179:343.97(082)
|2 1981
|
| 111 |
2 |
|
|a Preventívne programy pre 3. tisícročie
|n (3. :
|d 2000 :
|c Bratislava, Slovensko)
|4 aut
|9 108106
|
| 245 |
1 |
0 |
|a Teoretické prístupy a praktické skúsenosti v prevencii sociálnej patológie
|b [zborník z] 3. [celoslovenskej konferencie] Preventívne programy pre 3. tisícročie [14.-15. júna 2000]
|c [zostavila: Danica Prešinská]
|
| 260 |
|
|
|a Bratislava
|b Národné osvetové centrum
|c 2000
|
| 300 |
|
|
|a 135 s.
|b tab.
|c 21 cm
|
| 500 |
|
|
|a Údaj o zost. prevzatý z rubu tit. strany
|
| 500 |
|
|
|a 500 výt.
|
| 504 |
|
|
|a Bibliogr. odkazy
|
| 650 |
0 |
7 |
|a patológia sociálna
|x prevencia
|x zborníky
|2 SNK
|9 297492
|
| 655 |
|
7 |
|a zborníky konferencií
|2 SNKPH
|9 70153
|
| 655 |
|
7 |
|a issue_zb
|2 SNK
|9 276493
|
| 700 |
1 |
|
|a Prešinská, Danica
|4 com
|9 297493
|
| 919 |
|
|
|a 80-7121-203-2
|
| 954 |
|
|
|a odborná, vedecká literatúra pôvodná (slovenská)
|2 lita
|
| 958 |
|
|
|a ART
|
| 958 |
|
|
|a TL
|
| 958 |
|
|
|a NB
|
| 958 |
|
|
|a ZB
|
| 958 |
|
|
|a OND
|
| 999 |
|
|
|c 553571
|d 555501
|
| 952 |
|
|
|t P60, <03>, [BOOK], {603}
|a SNK
|b SNK
|y PREZ
|7 0
|p 17A0295843
|o snkSC 104665
|i snkKSP 5336/2001
|0 0
|1 0
|4 0
|d 2001-04-19
|l 0
|r 2025-09-25 00:00:00
|w 2026-02-23
|